[Event "2nd Sharjah Masters 2018"]
[Site "Sharjah UAE"]
[Date "2018.04.13"]
[Round "2.16"]
[White "Maghsoodloo, Parham"]
[Black "Hejazipour, Mitra"]
[Result "1-0"]
[WhiteTitle "GM"]
[BlackTitle "WGM"]
[WhiteElo "2615"]
[BlackElo "2304"]
[WhiteFideId "12539929"]
[BlackFideId "12505951"]
[EventDate "2018.04.12"]

1. c4 Nf6 2. Nc3 e6 3. e4 c5 4. Nf3 Nc6 5. Be2 e5 6. d3 d6 7. a3 Be7 8. O-O O-O
9. Rb1 a5 10. Ne1 Be6 11. Nc2 Nd7 12. Nb5 Na7 13. Nxa7 Rxa7 14. b4 axb4 15. axb4
b6 16. Qd2 h6 17. Bb2 Bg5 18. Qc3 Qf6 19. Na3 Nb8 20. Nb5 Rd7 21. bxc5 bxc5 22.
Ra1 Nc6 23. Ra6 Rc8 24. Rfa1 Qd8 25. g3 Bf6 26. Qd2 Nb4 27. R6a4 Rb7 28. Bc3 Be7
29. Na7 Rcc7 30. Qd1 Bd7 31. R4a3 Kh7 32. Bg4 Bxg4 33. Qxg4 Qd7 34. Qxd7 Rxd7
35. Bxb4 cxb4 36. Ra6 f5 37. Nb5 fxe4 38. dxe4 Rd8 39. Rc6 Rbb8 40. Rc7 Bg5 41.
Rb1 Bd2 42. Kf1 Rbc8 43. Rxc8 Rxc8 44. Ke2 Bc3 45. Kd3 Rf8 46. Rf1 Rf3+ 47. Ke2
Rf7 48. f4 exf4 49. gxf4 g5 50. Nxc3 bxc3 51. f5 Ra7 52. Kd3 Ra2 53. e5 dxe5 54.
c5 c2 55. Rc1 Kg7 56. c6 Ra3+ 57. Kxc2 Kf6 58. c7 Ra8 59. Kd3 Rc8 60. Ke4 h5 61.
Rc6+ Ke7 62. f6+ Kd7 63. Kd5 e4 64. Re6 Rf8 65. Re7+ Kc8 66. f7 1-0

[Event "2nd Sharjah Masters 2018"]
[Site "Sharjah UAE"]
[Date "2018.04.13"]
[Round "2.17"]
[White "Dhulipalla, Bala Chandra Prasad"]
[Black "Jumabayev, Rinat"]
[Result "0-1"]
[WhiteTitle "IM"]
[BlackTitle "GM"]
[WhiteElo "2294"]
[BlackElo "2612"]
[WhiteFideId "25005812"]
[BlackFideId "13702661"]
[EventDate "2018.04.12"]

1. d4 Nf6 2. c4 e6 3. g3 c5 4. d5 exd5 5. cxd5 d6 6. Bg2 g6 7. Nf3 Bg7 8. O-O
O-O 9. Nc3 Re8 10. Bf4 Ne4 11. Nxe4 Rxe4 12. Nd2 Rxf4 13. gxf4 Bxb2 14. Rb1 Bg7
15. e4 Bh6 16. e5 Bxf4 17. e6 fxe6 18. dxe6 Nc6 19. Re1 Ne5 20. Nc4 Bxe6 21.
Nxe5 Bxe5 22. Rxb7 Qf6 23. Rb3 Rc8 24. Bd5 c4 25. Rf3 Qe7 26. Rfe3 Bxd5 27.
Qxd5+ Qf7 28. Qe4 c3 29. R3e2 Rc4 30. Qg2 Kg7 31. h3 Qf5 32. Rc1 d5 33. Rce1 Bf6
34. f3 d4 35. Qf1 Rc7 0-1

[Event "2nd Sharjah Masters 2018"]
[Site "Sharjah UAE"]
[Date "2018.04.13"]
[Round "2.18"]
[White "Srija, Seshadri"]
[Black "Petrosian, Tigran L."]
[Result "0-1"]
[WhiteTitle "WIM"]
[BlackTitle "GM"]
[WhiteElo "2264"]
[BlackElo "2609"]
[WhiteFideId "5055903"]
[BlackFideId "13301616"]
[EventDate "2018.04.12"]

1. e4 g6 2. d4 Bg7 3. Nc3 d6 4. f4 Nf6 5. Nf3 O-O 6. Bd3 Na6 7. O-O c5 8. d5 Rb8
9. Kh1 Bg4 10. h3 Bxf3 11. Rxf3 Nc7 12. a4 e6 13. f5 Nd7 14. Qf1 Re8 15. Rg3 Ne5
16. Bg5 Qd7 17. f6 Bh8 18. Be2 a6 19. Qf4 b5 20. axb5 axb5 21. Ra7 Nxd5 22. Nxd5
Qxa7 23. Ne7+ Rxe7 24. fxe7 Qd7 25. Ra3 Bg7 26. Qf1 c4 27. Qa1 Qe8 28. Ra7 Nc6
29. Rc7 Ra8 30. Qg1 Bd4 31. Qd1 Be5 32. c3 h6 33. Bxh6 Nxe7 34. Bg5 Nc6 35. g4
Qb8 36. Rxc6 Qb7 37. Rxd6 Bxd6 38. Bf3 Be5 39. Kg2 b4 40. Bf6 Qc7 41. Qe2 bxc3
42. bxc3 Bxf6 43. e5 Rd8 44. exf6 Qf4 45. Qe4 Rd2+ 46. Kf1 Qxf6 0-1

[Event "2nd Sharjah Masters 2018"]
[Site "Sharjah UAE"]
[Date "2018.04.13"]
[Round "2.19"]
[White "Tabatabaei, M.amin"]
[Black "Raahul, V S"]
[Result "1-0"]
[WhiteTitle "IM"]
[WhiteElo "2605"]
[BlackElo "2258"]
[WhiteFideId "12521213"]
[BlackFideId "25035525"]
[EventDate "2018.04.12"]

1. d4 Nf6 2. c4 g6 3. Nf3 Bg7 4. g3 O-O 5. Bg2 d6 6. Nc3 Nc6 7. O-O e5 8. d5 Ne7
9. e4 Nd7 10. Be3 h6 11. Nh4 f5 12. exf5 Nxf5 13. Nxg6 Nxe3 14. fxe3 Rxf1+ 15.
Qxf1 Qg5 16. Qf5 Bf6 17. Nh4 Qxf5 18. Nxf5 Nb6 19. Nxh6+ Kg7 20. Rf1 Nxc4 21.
Ne4 Kxh6 22. Rxf6+ Kg7 23. h4 Bg4 24. Bf3 Nxe3 25. Bxg4 Nxg4 26. Rf3 Rd8 27. Rb3
Rd7 28. Rxb7 Ne3 29. Nc3 Rf7 30. Rxa7 Rf1+ 31. Kh2 Rf2+ 32. Kh3 Rf1 33. Rxc7+
Kg6 34. g4 Rf3+ 35. Kh2 Nxg4+ 36. Kg2 Rd3 37. Rd7 Kf5 38. Rf7+ Nf6 39. Kf1 Kg6
40. Ke2 Rd4 41. Rb7 Nxd5 42. Nxd5 Rxd5 43. b4 Rd4 44. a4 Rxh4 45. a5 Kf5 46. a6
Rh2+ 47. Kf1 Ra2 48. b5 e4 49. a7 e3 50. b6 Ke4 51. Rb8 Kd5 1-0

[Event "2nd Sharjah Masters 2018"]
[Site "Sharjah UAE"]
[Date "2018.04.13"]
[Round "2.21"]
[White "El Jawich, Amro"]
[Black "Narayanan, S.L."]
[Result "0-1"]
[WhiteTitle "FM"]
[BlackTitle "GM"]
[WhiteElo "2254"]
[BlackElo "2568"]
[WhiteFideId "5300380"]
[BlackFideId "5058422"]
[EventDate "2018.04.12"]

1. e4 e5 2. Nf3 Nc6 3. d4 exd4 4. c3 d5 5. exd5 Qxd5 6. cxd4 Bg4 7. Be2 O-O-O 8.
Nc3 Qd7 9. O-O Bxf3 10. Bxf3 Nxd4 11. Be3 Nf6 12. Bxd4 Qxd4 13. Qb3 Qb4 14. Qxf7
Rd7 15. Qe6 Bd6 16. Ne4 Re8 17. Nxd6+ Qxd6 18. Qb3 Qb6 19. Qxb6 axb6 20. Rfd1 c6
21. Kf1 Rf7 22. Re1 Ref8 23. Re5 Kc7 24. Rae1 Kd6 25. Bd1 Rd7 26. Bc2 b5 27. h3
Ra8 28. a3 Rf8 29. g3 g6 30. Kg2 c5 31. f4 b6 32. Rd1+ Kc7 33. Rxd7+ Kxd7 34.
Bd3 c4 35. Be2 Re8 36. Rxe8 Nxe8 37. a4 bxa4 38. Bxc4 Nd6 39. Bg8 Ke7 40. g4 b5
41. Bd5 Nc4 42. Kf3 Nxb2 43. Ke2 Nc4 44. Be4 a3 45. Bb1 b4 0-1

[Event "2nd Sharjah Masters 2018"]
[Site "Sharjah UAE"]
[Date "2018.04.13"]
[Round "2.22"]
[White "Petrosyan, Manuel"]
[Black "Aradhya, Garg"]
[Result "1-0"]
[WhiteTitle "GM"]
[WhiteElo "2560"]
[BlackElo "2218"]
[WhiteFideId "13300857"]
[BlackFideId "25006746"]
[EventDate "2018.04.12"]

1. d4 Nf6 2. Nf3 e6 3. c4 Bb4+ 4. Bd2 a5 5. Nc3 b6 6. e3 Bb7 7. Bd3 O-O 8. Qc2
d6 9. a3 Bxc3 10. Bxc3 Nbd7 11. e4 c5 12. e5 cxd4 13. exf6 dxc3 14. Bxh7+ Kh8
15. fxg7+ Kxg7 16. Be4 Bxe4 17. Qxe4 Nf6 18. Qf4 cxb2 19. Rb1 Rg8 20. Rxb2 Rc8
21. O-O e5 22. Qh4 Nh7 23. Qe4 Qc7 24. Nh4 Qc6 25. Nf5+ Kf8 26. Qxc6 Rxc6 27.
Rfb1 Rg5 28. Ne3 f5 29. h4 Rh5 30. Rxb6 Rxb6 31. Rxb6 f4 32. Nd5 Rxh4 33. Rxd6
f3 34. c5 Ng5 35. c6 Nf7 36. Rd8+ Nxd8 37. c7 Rd4 38. cxd8=Q+ Kf7 39. Qf6+ 1-0

[Event "2nd Sharjah Masters 2018"]
[Site "Sharjah UAE"]
[Date "2018.04.13"]
[Round "2.23"]
[White "Mohannad, Farhan"]
[Black "Abdusattorov, Nodirbek"]
[Result "0-1"]
[WhiteTitle "FM"]
[BlackTitle "IM"]
[WhiteElo "2219"]
[BlackElo "2540"]
[WhiteFideId "8100918"]
[BlackFideId "14204118"]
[EventDate "2018.04.12"]

1. d4 Nf6 2. c4 e6 3. Nf3 Bb4+ 4. Bd2 a5 5. g3 b6 6. Bg2 Bb7 7. O-O O-O 8. Nc3
Ne4 9. Nxe4 Bxe4 10. Rc1 Na6 11. a3 Be7 12. Ne5 Bxg2 13. Kxg2 Bf6 14. Nf3 Qc8
15. Bg5 Bxg5 16. Nxg5 Qb7+ 17. Kg1 f5 18. Nf3 d6 19. Rb1 Nb8 20. b4 Nd7 21. Qb3
Nf6 22. Rfc1 axb4 23. axb4 Rfe8 24. Ra1 Qe4 25. Qb2 h6 26. b5 Nd7 27. Ra6 e5 28.
Rca1 Rac8 29. R6a3 Qg4 30. Rd1 e4 31. Ne1 Nf8 32. Ng2 Ne6 33. Ne3 Qh5 34. Nd5
Kh8 35. Kg2 Rf8 36. Qc2 Rce8 37. Re3 f4 38. Rxe4 f3+ 39. Kh1 Nxd4 40. Rdxd4 fxe2
41. Qxe2 Qxe2 42. Rxe2 Rxe2 43. Rf4 Rxf4 44. gxf4 Rxf2 45. Nxc7 Rxf4 46. Nd5
Rxc4 47. Nxb6 Rc5 0-1

[Event "2nd Sharjah Masters 2018"]
[Site "Sharjah UAE"]
[Date "2018.04.13"]
[Round "2.25"]
[White "Poormosavi, Seyed Kian"]
[Black "Vishnu Prasanna, V"]
[Result "0-1"]
[BlackTitle "GM"]
[WhiteElo "2218"]
[BlackElo "2510"]
[WhiteFideId "12585807"]
[BlackFideId "5030692"]
[EventDate "2018.04.12"]

1. e4 c6 2. Nf3 d5 3. Nc3 dxe4 4. Nxe4 Nf6 5. Nxf6+ exf6 6. d4 Bd6 7. Bd3 O-O 8.
O-O Bg4 9. h3 Bh5 10. c4 Re8 11. b3 Nd7 12. Bb2 Nf8 13. g4 Bg6 14. Nh4 Ne6 15.
Ng2 Bc7 16. f4 Bb6 17. f5 Bxd4+ 18. Bxd4 Qxd4+ 19. Kh2 Rad8 20. Rf3 Nc5 21. Nf4
Nxd3 22. Nxd3 Re3 23. fxg6 Rxf3 24. Qxf3 Qxa1 25. gxf7+ Kxf7 26. a4 Qd4 27. Nf2
Qe5+ 28. Kg2 Rd2 29. h4 a5 30. h5 Qd4 31. Kg3 Qxf2+ 0-1

[Event "2nd Sharjah Masters 2018"]
[Site "Sharjah UAE"]
[Date "2018.04.13"]
[Round "2.26"]
[White "Gagare, Shardul"]
[Black "Priyanka, Nutakki"]
[Result "0-1"]
[WhiteTitle "GM"]
[WhiteElo "2502"]
[BlackElo "1957"]
[WhiteFideId "5037883"]
[BlackFideId "25049615"]
[EventDate "2018.04.12"]

1. c4 e5 2. g3 Nf6 3. Bg2 Nc6 4. Nc3 Bb4 5. Nd5 Bc5 6. e3 O-O 7. Ne2 d6 8. a3
Nxd5 9. cxd5 Ne7 10. d4 exd4 11. Nxd4 Nf5 12. Ne2 a5 13. b3 Bd7 14. O-O Re8 15.
Ra2 Bb5 16. Re1 a4 17. b4 Bb6 18. Rc2 Qe7 19. Kh1 h5 20. Nc3 Bc4 21. Qxh5 Qe5
22. Qd1 Bb3 23. Qd3 Bxc2 24. Qxc2 Nd4 25. Qd3 Qf5 26. Qxf5 Nxf5 27. Be4 Nh6 28.
Bc2 Bd4 29. Nb5 Bb6 30. Rd1 Ng4 31. Kg2 Nf6 32. Bb2 Ne4 33. f3 Ng5 34. e4 f5 35.
Nc3 fxe4 36. f4 Nf7 37. Bxa4 Re7 38. Bc2 e3 39. Ne2 c5 40. b5 Ba5 41. a4 b6 42.
h4 Nd8 43. Kf3 Bd2 44. f5 Nb7 45. Bc3 Rae8 46. Bxd2 exd2 47. Rxd2 Re3+ 48. Kf2
Ra3 49. Bd1 Ree3 50. Nf4 Rxg3 51. Bh5 Rge3 52. Ne6 Rh3 53. f6 gxf6 54. Kf1 Rh1+
55. Kg2 Rxh4 56. Bf3 Rhxa4 57. Kg3 Ra2 58. Rd1 Ra1 59. Rd2 R4a2 60. Rd3 Ra3 61.
Rxa3 Rxa3 62. Kf4 c4 63. Be2 c3 64. Ke3 c2+ 65. Kd2 Rc3 66. Kc1 Nc5 67. Nd4 Nd3+
68. Bxd3 Rxd3 69. Nf5 Kf8 0-1

[Event "2nd Sharjah Masters 2018"]
[Site "Sharjah UAE"]
[Date "2018.04.13"]
[Round "2.27"]
[White "Yakubboev, Nodirbek"]
[Black "Shanya, Mishra"]
[Result "1-0"]
[WhiteTitle "IM"]
[WhiteElo "2482"]
[BlackElo "1922"]
[WhiteFideId "14203987"]
[BlackFideId "46656065"]
[EventDate "2018.04.12"]

1. Nf3 Nf6 2. c4 e6 3. b3 d5 4. Bb2 g6 5. e3 Bg7 6. Nc3 O-O 7. Rc1 b6 8. d4 Bb7
9. Bd3 Nbd7 10. cxd5 Nxd5 11. Nxd5 Bxd5 12. O-O c5 13. e4 Bb7 14. Ba3 Re8 15.
dxc5 Nxc5 16. Bxc5 bxc5 17. Qe2 Qa5 18. h4 Red8 19. Bc4 Qc7 20. Ba6 Bxa6 21.
Qxa6 Bd4 22. Kh1 Qf4 23. Qe2 Qg4 24. Kh2 e5 25. g3 Qe6 26. Kg2 h6 27. h5 g5 28.
Rc4 a5 29. Rfc1 Ra7 30. R1c2 Rb8 31. Nxd4 cxd4 32. Rc6 Qd7 33. Rxh6 Kg7 34. Rcc6
Rc8 35. Rcd6 Qe7 36. Qf3 Rh8 37. Rhf6 Rd7 38. Rc6 Rg8 39. Qf5 Rc7 40. Qxg5+ Kf8
41. Qh6+ Ke8 42. Rxc7 Qxc7 43. Rc6 Qd7 44. Qf6 d3 45. Qxe5+ Kf8 46. Rb6 1-0

[Event "2nd Sharjah Masters 2018"]
[Site "Sharjah UAE"]
[Date "2018.04.13"]
[Round "2.29"]
[White "Darini, Pouria"]
[Black "Sidharth, Balaji Sridharan"]
[Result "1-0"]
[WhiteTitle "GM"]
[WhiteElo "2478"]
[BlackElo "1567"]
[WhiteFideId "12502200"]
[BlackFideId "45002789"]
[EventDate "2018.04.12"]

1. e4 e5 2. Nf3 Nc6 3. d4 exd4 4. Nxd4 Bc5 5. Nb3 Bb6 6. Nc3 Nf6 7. Bg5 d6 8.
Qe2 h6 9. Bh4 Nd4 10. Nxd4 Bxd4 11. Qd2 Bxc3 12. Qxc3 O-O 13. Bxf6 Qxf6 14. Qxf6
gxf6 15. Bd3 Bd7 16. O-O-O Rfe8 17. Rhe1 Re7 18. Re3 Kh8 19. Rg1 Rae8 20. Kd2
Bc6 21. Rge1 Kg7 22. c4 b6 23. Kc3 Bb7 24. Kd4 Re5 25. R1e2 Bc6 26. Rg3+ Rg5 27.
Ree3 Bb7 28. Bc2 c5+ 29. Kc3 Re7 30. Kd2 Kh8 31. Bd3 Ba8 32. Ref3 Rxg3 33. Rxg3
Re8 34. Re3 Kg7 35. Rg3+ Kh8 36. Re3 Kg7 37. Bc2 Bb7 38. Rg3+ Kh8 39. Re3 Kg7
40. f3 Ba8 41. Ke2 Bb7 42. Ra3 Ra8 43. Ba4 Kf8 44. Ke3 Kg8 45. Kf4 Kg7 46. Bd7
Kg6 47. Kg4 Kg7 48. Kh5 Rd8 49. Bf5 Ra8 50. f4 Bc6 51. Rg3+ Kh8 52. Kxh6 Re8 53.
Rd3 Rd8 54. g4 a6 55. e5 fxe5 56. fxe5 d5 57. Be4 1-0

[Event "2nd Sharjah Masters 2018"]
[Site "Sharjah UAE"]
[Date "2018.04.13"]
[Round "2.30"]
[White "Zayed, Sultan Al Taher"]
[Black "Vignesh, N R"]
[Result "0-1"]
[BlackTitle "IM"]
[WhiteElo "1211"]
[BlackElo "2475"]
[WhiteFideId "9310592"]
[BlackFideId "25012215"]
[EventDate "2018.04.12"]

1. d4 Nf6 2. Bf4 d5 3. e3 c5 4. c3 Nc6 5. Nd2 g6 6. Bd3 Bg7 7. Ngf3 O-O 8. h3
Nd7 9. O-O e5 10. dxe5 Ndxe5 11. Be2 Re8 12. Nxe5 Nxe5 13. Nf3 Nc6 14. c4 d4 15.
exd4 Nxd4 16. Nxd4 Bxd4 17. Qd2 Qf6 18. Bg5 Rxe2 19. Qxe2 Qxg5 20. Kh1 Bd7 21.
Rad1 Re8 22. Qd2 Qh4 23. Rde1 Rxe1 24. Qxe1 Bc6 25. f3 Qf4 26. Qc1 Be3 27. Qd1
Qxc4 28. Re1 Qd4 29. Qe2 Bf4 30. Rd1 Qe5 31. Qc4 Qg5 32. Qc3 Bc7 33. g4 Qf4 34.
Rd2 Be5 0-1

[Event "2nd Sharjah Masters 2018"]
[Site "Sharjah UAE"]
[Date "2018.04.13"]
[Round "2.31"]
[White "Khezrian, Nooralzahra"]
[Black "Amin, Bassem"]
[Result "0-1"]
[BlackTitle "GM"]
[WhiteElo "1401"]
[BlackElo "2700"]
[WhiteFideId "22505776"]
[BlackFideId "10601457"]
[EventDate "2018.04.12"]

1. e4 Nf6 2. e5 Nd5 3. d4 d6 4. Nf3 g6 5. c4 Nb6 6. Bf4 Bg7 7. Qd2 Bg4 8. Ng5
dxe5 9. dxe5 Nc6 10. h3 Bf5 11. Nf3 Bxb1 12. Qxd8+ Rxd8 13. Rxb1 e6 14. Rd1
Rxd1+ 15. Kxd1 Nd7 16. Nd2 Bxe5 17. Bxe5 Ndxe5 18. f4 Nd7 19. Nf3 Ke7 20. Be2
Rd8 21. Kc2 Nf6 22. Rd1 Rxd1 23. Bxd1 Nh5 24. Ne5 Nxf4 25. Nxc6+ bxc6 26. Bf3
Kd6 27. b4 c5 28. b5 f5 29. h4 e5 30. g3 Ne6 31. Bd5 e4 32. Kd2 Ke5 33. Bxe6
Kxe6 34. Ke2 Ke5 35. Ke3 h6 36. a4 g5 37. hxg5 hxg5 38. a5 f4+ 39. gxf4+ gxf4+
40. Ke2 Kd4 41. b6 cxb6 42. axb6 axb6 0-1

[Event "2nd Sharjah Masters 2018"]
[Site "Sharjah UAE"]
[Date "2018.04.13"]
[Round "2.32"]
[White "Rakhmanov, Aleksandr"]
[Black "Asmar, Elie"]
[Result "1-0"]
[WhiteTitle "GM"]
[WhiteElo "2652"]
[BlackElo "2060"]
[WhiteFideId "4173708"]
[BlackFideId "5301432"]
[EventDate "2018.04.12"]

1. b3 e5 2. Bb2 Nc6 3. e3 d5 4. Bb5 Bd6 5. Nf3 Qe7 6. c4 a6 7. Bxc6+ bxc6 8. c5
Bxc5 9. Nxe5 Bd6 10. Nxc6 Qg5 11. Kf1 Nf6 12. Ba3 Bf5 13. Bxd6 Bd3+ 14. Kg1 cxd6
15. Nc3 Ne4 16. h4 Qf6 17. Nxe4 dxe4 18. Rc1 O-O 19. Rc3 a5 20. a4 Kh8 21. Qg4
Qe6 22. Qf4 f5 23. Nd4 Qd7 24. Kh2 Rf6 25. Rhc1 h6 26. Rc7 Qe8 27. Kg1 Qh5 28.
Rd7 Raf8 29. Rxd6 Rxd6 30. Qxd6 Rf6 31. Rc8+ Kh7 32. Ne6 Qd1+ 33. Kh2 Qxd2 34.
Qd8 Rxe6 35. h5 1-0

[Event "2nd Sharjah Masters 2018"]
[Site "Sharjah UAE"]
[Date "2018.04.13"]
[Round "2.33"]
[White "Mareco, Sandro"]
[Black "Aditya, Varun Gampa"]
[Result "1-0"]
[WhiteTitle "GM"]
[WhiteElo "2645"]
[BlackElo "1696"]
[WhiteFideId "112275"]
[BlackFideId "45066183"]
[EventDate "2018.04.12"]

1. Nf3 c5 2. c4 Nc6 3. d4 cxd4 4. Nxd4 Nf6 5. Nc3 e6 6. a3 Bc5 7. Nb3 Be7 8. e4
d6 9. Be2 O-O 10. O-O a6 11. Be3 b6 12. f4 Bb7 13. Bf3 Qc7 14. Rc1 Rac8 15. Nd5
exd5 16. cxd5 Qd7 17. dxc6 Rxc6 18. Qd3 Rxc1 19. Rxc1 d5 20. e5 Ng4 21. Bxb6 Rc8
22. Rxc8+ Qxc8 23. h3 Qc6 24. Bd4 Nh6 25. Kh2 Qb5 26. Qxb5 axb5 27. g4 b4 28. a4
f6 29. Bc5 Kf7 30. exf6 gxf6 31. Kg3 Ke6 32. Bxe7 Kxe7 33. Nc5 Bc6 34. b3 Kd6
35. Nd3 Ng8 36. Nxb4 Ba8 37. Nd3 Ne7 38. Kf2 f5 39. g5 Ng6 40. b4 Kc6 41. Kg3
Kb6 42. h4 Bc6 43. b5 Ba8 44. h5 Ne7 45. Ne5 Ka5 46. h6 Ng8 47. g6 Nf6 48. Nd7 1-0

[Event "2nd Sharjah Masters 2018"]
[Site "Sharjah UAE"]
[Date "2018.04.13"]
[Round "2.35"]
[White "Ma, Lin"]
[Black "Dixit, Nikhil"]
[Result "1/2-1/2"]
[WhiteElo "2156"]
[BlackElo "2285"]
[WhiteFideId "8610533"]
[BlackFideId "5059534"]
[EventDate "2018.04.12"]

1. Nf3 Nf6 2. g3 g6 3. Bg2 Bg7 4. O-O O-O 5. c4 d6 6. d4 Nc6 7. Nc3 a6 8. h3 Bd7
9. e4 e5 10. Be3 Qc8 11. Kh2 Re8 12. dxe5 dxe5 13. Qc2 Na5 14. c5 b6 15. Nd2
bxc5 16. Bxc5 Nc6 17. Nb3 a5 18. Be3 a4 19. Nc5 Nd4 20. Bxd4 exd4 21. N3xa4 Bb5
22. Rfe1 Nd7 23. Bf1 Bc6 24. Rad1 Nb6 25. Nxb6 cxb6 26. Nb3 Qd7 27. Qd3 Rxa2 28.
Nxd4 Bxd4 29. Qxd4 Qxd4 30. Rxd4 Rxb2 31. Kg1 b5 32. f3 Rc2 33. Re2 Rc1 34. Red2
Rb8 35. Rd8+ Rxd8 36. Rxd8+ Kg7 37. Rb8 Rb1 38. Kf2 Rb3 39. Rb6 Bd7 1/2-1/2

[Event "2nd Sharjah Masters 2018"]
[Site "Sharjah UAE"]
[Date "2018.04.14"]
[Round "3.2"]
[White "Narayanan, S.L."]
[Black "Kryvoruchko, Yuriy"]
[Result "1/2-1/2"]
[WhiteTitle "GM"]
[BlackTitle "GM"]
[WhiteElo "2568"]
[BlackElo "2703"]
[WhiteFideId "5058422"]
[BlackFideId "14109182"]
[EventDate "2018.04.12"]

1. d4 Nf6 2. c4 e6 3. Nf3 d5 4. Nc3 Be7 5. Bf4 O-O 6. e3 Nbd7 7. a3 c5 8. cxd5
Nxd5 9. Nxd5 exd5 10. dxc5 Nxc5 11. Be5 Bf6 12. Bxf6 Qxf6 13. Qd4 Qxd4 14. Nxd4
Bd7 15. g3 Ne6 16. O-O-O Rfd8 17. Kb1 Rac8 18. Bh3 Kf8 19. Rd2 Nxd4 20. Bxd7
Rxd7 21. Rxd4 Rc4 22. Rd3 Ke7 23. Rhd1 Ke6 24. b3 Rc6 25. Kb2 a5 26. Rd4 f5 27.
R1d2 g6 28. h3 h5 29. a4 b5 30. axb5 Rc5 31. g4 hxg4 32. hxg4 Rxb5 33. Rc2 Rd6
34. Rc3 Rdb6 35. Ra4 Kf6 36. Kc2 Kg5 37. gxf5 gxf5 38. Rd3 Kf6 39. Rh4 Ke5 40.
Ra4 1/2-1/2

[Event "2nd Sharjah Masters 2018"]
[Site "Sharjah UAE"]
[Date "2018.04.14"]
[Round "3.4"]
[White "Abdusattorov, Nodirbek"]
[Black "Naiditsch, Arkadij"]
[Result "1-0"]
[WhiteTitle "IM"]
[BlackTitle "GM"]
[WhiteElo "2540"]
[BlackElo "2701"]
[WhiteFideId "14204118"]
[BlackFideId "4650891"]
[EventDate "2018.04.12"]

1. e4 e5 2. Nf3 Nc6 3. Bb5 Nf6 4. d3 d6 5. O-O Bd7 6. c4 g6 7. Nc3 Bg7 8. h3 O-O
9. Be3 a6 10. Ba4 Nh5 11. Nd5 Rb8 12. Rc1 Ne7 13. Bxd7 Qxd7 14. d4 Rfd8 15. Bg5
f6 16. Be3 b5 17. dxe5 dxe5 18. Qb3 bxc4 19. Nxe7+ Qxe7 20. Qxc4+ Kh8 21. b3 Nf4
22. Qxc7 Ne2+ 23. Kh1 Qe8 24. Rc4 f5 25. Qc6 Rbc8 26. Qxe8+ Rxe8 27. Rxc8 Rxc8
28. exf5 gxf5 29. Re1 Nc3 30. Rc1 e4 31. Nh4 Rf8 32. Bc5 Rc8 33. Bd6 f4 34. Nf5
Rd8 35. Bxf4 Ne2 36. Rc7 Nxf4 37. Nxg7 Rd2 38. Ne8 Nd5 39. Rd7 Rd3 40. Kh2 Ne3
41. Nf6 1-0

[Event "2nd Sharjah Masters 2018"]
[Site "Sharjah UAE"]
[Date "2018.04.14"]
[Round "3.5"]
[White "Vishnu Prasanna, V"]
[Black "Kravtsiv, Martyn"]
[Result "1-0"]
[WhiteTitle "GM"]
[BlackTitle "GM"]
[WhiteElo "2510"]
[BlackElo "2680"]
[WhiteFideId "5030692"]
[BlackFideId "14113147"]
[EventDate "2018.04.12"]

1. e4 e5 2. Nf3 Nc6 3. Bb5 a6 4. Ba4 Nf6 5. O-O Be7 6. Re1 b5 7. Bb3 O-O 8. d3
d6 9. c3 Na5 10. Bc2 c5 11. a4 Be6 12. Nbd2 Nc6 13. Nf1 h6 14. Ne3 Qd7 15. d4
cxd4 16. cxd4 Nxd4 17. Nxd4 exd4 18. Qxd4 Rac8 19. Qd3 Qb7 20. axb5 axb5 21. Bd2
Nd7 22. e5 g6 23. exd6 Bf6 24. Ra5 b4 25. Bb3 Nc5 26. Rxc5 Rxc5 27. Bxe6 fxe6
28. Ng4 Rd5 29. Qxg6+ Qg7 30. Nxf6+ Rxf6 31. Qxg7+ Kxg7 32. Bxb4 Rf4 33. Bc3+
Kf7 34. g3 Rc4 35. Ra1 Rxd6 36. Ra7+ Kg6 37. Rg7+ Kf5 38. Rf7+ Kg6 39. Rf6+ Kh7
40. Kg2 Rg4 41. f4 Rg6 42. Rf8 Rg8 43. Rf7+ Kg6 44. Rf6+ Kh7 45. f5 Re8 46. Rf7+
Kg8 47. Rg7+ Kf8 48. Rb7 Rd5 49. f6 Rf5 50. g4 1-0

[Event "2nd Sharjah Masters 2018"]
[Site "Sharjah UAE"]
[Date "2018.04.14"]
[Round "3.7"]
[White "Kovalev, Vladislav"]
[Black "Petrosyan, Manuel"]
[Result "1-0"]
[WhiteTitle "GM"]
[BlackTitle "GM"]
[WhiteElo "2648"]
[BlackElo "2560"]
[WhiteFideId "13504398"]
[BlackFideId "13300857"]
[EventDate "2018.04.12"]

1. e4 e5 2. Nf3 Nc6 3. Bb5 a6 4. Ba4 Nf6 5. O-O Nxe4 6. d4 b5 7. Bb3 d5 8. dxe5
Be6 9. Qe2 Be7 10. Rd1 Nc5 11. c4 d4 12. cxb5 d3 13. Qf1 Nxb3 14. axb3 axb5 15.
Rxa8 Qxa8 16. Qxd3 O-O 17. Qxb5 Rb8 18. Qe2 Bxb3 19. Re1 h6 20. Nc3 Be6 21. h3
Bb4 22. Bd2 Bf8 23. Nd1 Qa2 24. Bc3 Bb4 25. Qd2 Qd5 26. Qc2 Bxc3 27. Nxc3 Qc5
28. Qc1 Ne7 29. Na4 Qxc1 30. Rxc1 Rb4 31. Nc5 Bd5 32. Nd3 Rb3 33. Nfe1 c6 34. f3
g5 35. Kf2 Nf5 36. Rc3 Rb8 37. Nc2 Kg7 38. Ncb4 Ne7 39. g4 Rb6 40. Rc5 Be6 41.
Kg3 f6 42. exf6+ Kxf6 43. h4 Bf7 44. hxg5+ hxg5 45. Kf2 Bg6 46. Ke2 Bxd3+ 47.
Nxd3 Nd5 48. Kd2 Ke6 49. Rc1 Kf6 50. Rc4 Ne7 51. Kc3 Rb8 52. Rc5 Nd5+ 53. Kd4
Ne7 54. Kc4 Rd8 55. Nf2 Ke6 56. Ne4 Rf8 57. Nxg5+ Kd6 58. Kd4 Nd5 59. Ra5 Rb8
60. Ne4+ Ke6 61. Rc5 Kd7 62. Rc2 Rf8 63. Rf2 Nf4 64. Rh2 Kc7 65. Nc5 Kc8 66. Rh6
Ne2+ 67. Ke3 1-0

[Event "2nd Sharjah Masters 2018"]
[Site "Sharjah UAE"]
[Date "2018.04.14"]
[Round "3.8"]
[White "Sethuraman, S.P."]
[Black "Puranik, Abhimanyu"]
[Result "1-0"]
[WhiteTitle "GM"]
[BlackTitle "GM"]
[WhiteElo "2631"]
[BlackElo "2520"]
[WhiteFideId "5021596"]
[BlackFideId "5061245"]
[EventDate "2018.04.12"]

1. e4 e6 2. d4 d5 3. Nc3 Bb4 4. e5 c5 5. a3 Bxc3+ 6. bxc3 Ne7 7. Nf3 Qa5 8. Bd2
Nbc6 9. a4 c4 10. Ng5 h6 11. Nh3 Bd7 12. Nf4 O-O-O 13. Nh5 Rh7 14. g3 Rf8 15.
Bh3 f5 16. exf6 gxf6 17. O-O Ng8 18. Nf4 e5 19. Bxd7+ Rxd7 20. Ne6 Re8 21. Qg4
exd4 22. Rfb1 Ne5 23. Qf5 Nf3+ 24. Qxf3 Rxe6 25. Qg4 Re8 26. Rb5 Qa6 27. Qxd4
Ne7 28. Re1 Qxa4 29. Rc5+ Kd8 30. Qf4 Nc6 31. Qxf6+ Rde7 32. Bf4 Qxc2 33. Rxc6 1-0

[Event "2nd Sharjah Masters 2018"]
[Site "Sharjah UAE"]
[Date "2018.04.14"]
[Round "3.9"]
[White "Vignesh, N R"]
[Black "Iturrizaga Bonelli, Eduardo"]
[Result "0-1"]
[WhiteTitle "IM"]
[BlackTitle "GM"]
[WhiteElo "2475"]
[BlackElo "2624"]
[WhiteFideId "25012215"]
[BlackFideId "3901211"]
[EventDate "2018.04.12"]

1. e4 g6 2. d4 Bg7 3. Nc3 a6 4. f4 b5 5. a3 Bb7 6. Nf3 d6 7. Bd3 Nd7 8. Ne2 e5
9. fxe5 dxe5 10. Bg5 Bf6 11. Qd2 exd4 12. Nexd4 c5 13. Nxb5 axb5 14. Bxb5 Ba6
15. Bc6 Rc8 16. Ba4 Bxg5 17. Nxg5 Nf6 18. O-O-O O-O 19. Bxd7 Nxd7 20. Nf3 Bb5
21. Qh6 Qf6 22. e5 Nxe5 23. Nxe5 Qxe5 24. Rhe1 Qf6 25. Re3 Rcd8 26. Rde1 Rfe8 0-1